[Event "Ch Europe"]
[Site "Warsaw (Poland)"]
[Date "2005.06.30"]
[Round "12"]
[White "Dautov Rustem (GER)"]
[Black "Gritsak Orest (UKR)"]
[Result "0-1"]
[WhiteElo "2581"]
[BlackElo "2548"]

{ Dautov Rustem (GER) +2 =0 -0 } 1.d4 Nf6 2.c4 g6 3.g3 Bg7 4.Bg2 c5 5.Nf3 O-O
6.Nc3 Nc6 7.O-O cxd4 8.Nxd4 Ng4 9.e3 d6 10.b3 a6 11.Bb2 ( 11.Nde2 Rb8 12.h3
Nge5 13.Bd2 Bf5 14.e4 Bc8 15.Be3 Qa5 16.Bd2 Qd8 17.f4 Nd7 18.Be3 Nc5 19.Qd2
Qa5 20.Rab1 Rd8 21.b4 Nxb4 22.Nd5 Be6 23.Rxb4 Bxd5 24.cxd5 b5 25.Rbb1 Qa4
26.Nd4 Bxd4 27.Bxd4 Rdc8 28.Rfc1 Qa3 29.Rc3 Qa5 30.Rbc1 b4 { ...1-0,
Wojtkiewicz Aleksander 2525 - Jung Karl-Otto 2190 , Wuerzburg 1996 It (open) }
) 11...Nxd4 12.exd4 { ?/= } 12...Nh6 ( 12...Rb8 13.a4 Nh6 14.a5 Nf5 15.Nd5 b5
16.axb6 e6 17.Ne3 Ne7 18.Ba3 Qxb6 19.c5 dxc5 20.Bxc5 Qc7 21.Rc1 Rd8 22.b4 Qd7
23.Qe2 Bb7 24.Rfd1 Bxg2 25.Kxg2 Qb7+ 26.Kg1 Nd5 27.Nxd5 Rxd5 28.Ra1 Ra8 29.Ra3
h5 30.h4 Kh7 31.Qf3 Kg8 32.Rda1 { ...1/2-1/2, Huebner Robert Dr 2630 - Topalov
Veselin 2670 , Polanica Zdroj 1995 It (cat.14) } ) ( 12...Nf6 { +0.15 CAP } )
13.Qd2 Nf5 ( 13...Rb8 14.b4 b5 15.cxb5 axb5 16.d5 Ng4 17.Nd1 Bxb2 18.Qxb2 Qb6
19.h3 Ne5 20.Kh2 Ra8 21.f4 Nc4 22.Qf2 Ra3 23.Qxb6 Nxb6 24.Re1 Re8 25.Re3 Rxe3
26.Nxe3 Bd7 27.Kg1 Rc8 28.Kf2 Rc3 29.Bf1 Kg7 30.Rd1 Ra3 31.Rd2 Na4 32.Nd1 Kf6
33.Rc2 { ...0-1, Chabanon Jean-Luc 2415 - Leko Peter 2555 , Lippstadt 1993 It
} ) 14.Ne4 { +0.37 CAP } ( 14.Nd5 Rb8 15.Rfe1 e6 16.Ne3 Nxe3 17.Qxe3 b5
18.Rac1 Qa5 19.Qc3 Qb6 20.Qd2 bxc4 21.Rxc4 d5 22.Rc5 Bd7 23.Bc3 Rfc8 24.Ba5
Qa7 25.Rec1 Bf8 26.Rc7 Rxc7 27.Rxc7 Rb7 28.Qf4 Rxc7 29.Qxc7 Qxc7 30.Bxc7 Bb4
31.a4 Kf8 32.Kf1 Ke7 33.Ke2 Bc8 { ...1/2-1/2, Dietzel Jan 2302 - Ristic Nenad
2445 , Germany 1996 Bundesliga (2nd) West 1995/96 } ) 14...e6 { N } ( 14...Bd7
15.d5 Bxb2 16.Qxb2 b5 17.c5 dxc5 18.Nxc5 Nd6 19.Nd3 Rc8 20.Ne5 b4 21.a3 bxa3
22.Rxa3 Bb5 23.Re1 Qc7 24.Nc6 Bxc6 25.dxc6 Ra8 26.Qe5 Ra7 27.Ra4 Rb8 28.b4 Rb5
29.Qe3 e6 30.Rd1 Rb8 31.Ra2 Qe7 32.Qe5 { 1-0, Khalifman Alexander 2702 -
Minero Pineda Sergio 2402 , Bled 2002 Olympiad } ) 15.d5 Bxb2 16.Qxb2 e5
17.Qa3 h5 18.c5 dxc5 19.Qxc5 b6 20.Qc6 Ra7 21.Rad1 f6 22.h3 { ? } ( { ? }
22.Qc4 h4 23.d6+ { } ) 22...Nd4 23.Qc4 f5 24.Nd2 Rc7 25.Qb4 f4 26.d6 Rc2
27.Rfe1 { ? } ( 27.d7 Bxd7 28.Qd6 Bf5 29.Qxe5 { } ) 27...a5 28.Qa3 fxg3
29.fxg3 Qg5 30.Ne4 Bb7 31.d7 Bxe4 32.Rxe4 Rff2 33.d8=Q+ Qxd8 34.Bh1 Qf6 { }
{#R} 0-1

[Event "It (open)"]
[Site "San Sebastian (Spain)"]
[Date "2007.04.04"]
[Round "4"]
[White "Sebenik Matej (SLO)"]
[Black "Saravanan V (IND)"]
[Result "1-0"]
[WhiteElo "2480"]
[BlackElo "1958"]

1.d4 Nf6 2.c4 g6 3.g3 Bg7 4.Bg2 O-O 5.Nc3 c5 6.Nf3 Nc6 7.O-O cxd4 8.Nxd4 Nxd4
9.Qxd4 d6 10.Qd3 a6 11.Be3 Rb8 12.Ba7 Ra8 13.Bd4 Rb8 14.Rfd1 Be6 15.e4 Nd7
16.Bxg7 Kxg7 17.b3 Kg8 18.Qe2 Re8 19.Rac1 Qa5 20.Nd5 Bxd5 21.exd5 b5 22.h4 Nc5
23.Bh3 b4 24.h5 Qc7 25.Rd4 Kg7 26.Re1 Rb7 27.Qd2 f6 28.hxg6 hxg6 29.Rh4 g5
30.Rh5 Rg8 31.Bf5 Kf8 32.Rh7 Qb8 33.Qe2 Qe8 34.Qg4 Rg7 35.Rh8+ Rg8 36.Qh3 Qf7
37.Rh7 Rg7 38.Qh6 {#r} 1-0

[Event "Match \"]
[Site "Marianske Lazne (Czech Republic)"]
[Date "2008.11.29"]
[Round "1"]
[White "Cmilyte Viktorija (LTU)"]
[Black "Uhlmann Wolfgang (GER)"]
[Result "1-0"]
[WhiteElo "2512"]
[BlackElo "2417"]

1.d4 Nf6 2.c4 g6 3.g3 Bg7 4.Bg2 c5 5.Nf3 cxd4 6.Nxd4 Nc6 7.O-O O-O 8.Nc3 Ng4
9.e3 d6 10.Nde2 Bd7 11.b3 a6 12.h3 Nf6 13.Bb2 Qc8 14.Kh2 b5 15.cxb5 axb5
16.Rc1 Qa6 17.Nf4 Rfe8 18.Qe2 b4 19.Qxa6 Rxa6 20.Nb5 Rc8 21.Bxf6 Bxf6 22.Nd5
{#r} 1-0

[Event "It (open)"]
[Site "Brezova pod Bradlom (Slovakia)"]
[Date "2009.08.23"]
[Round "2"]
[White "Banduka Zeljko (SVK)"]
[Black "Teplan Branislav (SVK)"]
[Result "1-0"]
[WhiteElo "2207"]
[BlackElo "1955"]

1.d4 Nf6 2.g3 g6 3.Bg2 Bg7 4.c4 c5 5.Nf3 O-O 6.O-O cxd4 7.Nxd4 Nc6 8.Nc3 a6
9.h3 Rb8 10.Bf4 Ra8 11.Nb3 d6 12.c5 Nh5 13.Bg5 dxc5 14.Qxd8 Rxd8 15.Nxc5 Nf6
16.N3a4 Nd4 17.e3 Ne6 18.Nb6 Rb8 19.Nxe6 Bxe6 20.Bf4 Ne8 21.Bxb8 Rxb8 22.Nd5
Kf8 23.Rab1 b5 24.b3 Nd6 25.Rbc1 Bf5 26.Rc7 e6 27.Nb4 Rb6 28.Ra7 a5 29.Ra8+
Ke7 30.Nc6+ {#r} 1-0

[Event "Liga Mazowiecka 2009/10"]
[Site "Mazowieckie (Poland)"]
[Date "2010.03.28"]
[Round "10"]
[White "Krasiewicz Robert (POL)"]
[Black "Paczuski Tomasz (POL)"]
[Result "1-0"]
[WhiteElo "2035"]
[BlackElo "1991"]

1.g3 Nf6 2.Bg2 g6 3.d4 Bg7 4.c4 c5 5.Nf3 O-O 6.Nc3 cxd4 7.Nxd4 Nc6 8.O-O Nxd4
9.Qxd4 d6 10.Qh4 Re8 11.Bg5 Bd7 12.Rac1 Qb6 13.b3 Bc6 14.e4 Qa5 15.Rc2 Rac8
16.Rfc1 a6 17.Ne2 Bd7 18.Nf4 b5 19.b4 Qa3 20.c5 dxc5 21.bxc5 Rcd8 22.e5 Bf5
23.Rc3 Qa4 24.exf6 Rd1+ 25.Bf1 exf6 26.Ne2 Rxc1 27.Bxc1 Qxa2 28.Re3 Rxe3
29.Bxe3 Bd3 30.Qd4 Bxe2 31.Qd8+ Bf8 32.Bh6 {#r} 1-0

[Event "It (open)"]
[Site "Fourmies (France)"]
[Date "2010.05.23"]
[Round "5"]
[White "Mancini Mario (FRA)"]
[Black "Manet Eric (FRA)"]
[Result "1-0"]
[WhiteElo "2258"]
[BlackElo "1982"]

1.d4 Nf6 2.c4 g6 3.g3 Bg7 4.Bg2 c5 5.Nf3 O-O 6.O-O cxd4 7.Nxd4 Nc6 8.Nc3 Nxd4
9.Qxd4 d6 10.Qh4 Qa5 11.Bh6 Bxh6 12.Qxh6 Qb4 13.Rfc1 Qxb2 14.Rab1 Qa3 15.Bxb7
Rb8 16.Rb3 Qc5 17.Bf3 Bd7 18.Nd5 Nxd5 19.cxd5 Qa5 20.Qe3 Rxb3 21.axb3 Re8
22.h4 Bb5 23.h5 Qb6 24.Qh6 Qd4 25.Kg2 Qg7 26.Qd2 g5 27.Qb4 a6 28.Qg4 Qe5 29.h6
e6 30.dxe6 fxe6 31.Rc7 Qf6 32.Rg7+ Kh8 33.Rxg5 Qxh6 34.Rh5 Qg7 35.Qh4 d5
36.Rg5 Qc3 37.Qf4 Rg8 38.Re5 Qc8 39.Qf6+ Rg7 40.Rxe6 Bd7 41.Re7 {#r} 1-0

[Event "Ch Slovenia (team)"]
[Site "Ljubljana (Slovenia)"]
[Date "2011.05.29"]
[Round "3"]
[White "Mihalcisin Adrian (SLO)"]
[Black "Srebrnic Vojko (SLO)"]
[Result "1-0"]
[WhiteElo "2513"]
[BlackElo "2244"]

1.d4 Nf6 2.c4 g6 3.g3 Bg7 4.Bg2 c5 5.Nf3 O-O 6.Nc3 cxd4 7.Nxd4 Nc6 8.O-O Nxd4
9.Qxd4 d6 10.Qd3 Bf5 11.e4 Be6 12.Bd2 Ng4 13.b3 Ne5 14.Qe2 Nc6 15.Rac1 Rc8
16.Rfd1 Re8 17.h3 Qa5 18.Kh2 Bd7 19.Be1 Qc5 20.f4 Nd4 21.Qf2 e5 22.Nd5 a5
23.f5 Bc6 24.b4 Qa7 25.Ne3 b6 26.b5 Ba8 27.f6 Bf8 28.Bc3 Ne6 29.Rf1 Qc7 30.h4
h5 31.Bd2 Nc5 32.Nd5 Bxd5 33.cxd5 Nd3 34.Rxc7 Nxf2 35.Rc6 Ng4+ 36.Kg1 Rb8
37.Bh3 Red8 38.Bxg4 hxg4 39.Be3 Rd7 40.a4 Rdb7 41.Rfc1 Kh7 42.Kf2 g5 43.hxg5
Kg6 44.Rc8 {#r} 1-0

[Event "It (open)"]
[Site "Amsterdam (Netherlands)"]
[Date "2011.07.11"]
[Round "3"]
[White "De Rover Yong Hoon (NED)"]
[Black "Tan Jonathan (NED)"]
[Result "0-1"]
[WhiteElo "2264"]
[BlackElo "2188"]

1.d4 Nf6 2.c4 g6 3.g3 Bg7 4.Bg2 c5 5.Nf3 O-O 6.O-O cxd4 7.Nxd4 Nc6 8.Nc3 a6
9.h3 Qc7 10.Nc2 d6 11.b3 Rb8 12.a4 Bf5 13.e4 Be6 14.Bb2 Qb6 15.Ra3 Na5 16.Ba1
Nd7 17.Ne3 Qc5 18.Qc1 Rfe8 19.Ncd5 Bxd5 20.Bxg7 Bxc4 21.b4 Qa7 22.Ba1 Bxf1
23.Bxf1 Nc6 24.b5 Nd4 25.Nd5 e5 26.Qc7 Qc5 27.Rc3 Qxc7 28.Rxc7 Nc5 29.Nf6+ Kf8
30.Nxh7+ Kg7 31.Ng5 Rf8 32.Bxd4 exd4 33.e5 Rbc8 34.exd6 Rxc7 35.dxc7 Rc8 36.b6
Nxa4 37.Ne4 Nxb6 38.Nd6 Rf8 39.Bg2 a5 40.Bxb7 a4 41.Be4 a3 42.Bb1 d3 43.Kf1
Nd5 44.Nb5 Nxc7 45.Nxa3 Rb8 {#R} 0-1

[Event "It (open) \"]
[Site "Helsingor (Denmark)"]
[Round "3"]
[White "Rostgaard Tobias Valentin (DEN)"]
[Black "Ambrosanio Raffaele (ITA)"]
[Result "1-0"]
[WhiteElo "2198"]
[BlackElo "1981"]

1.d4 Nf6 2.c4 g6 3.g3 Bg7 4.Bg2 O-O 5.Nf3 c5 6.O-O cxd4 7.Nxd4 Nc6 8.Nc3 a6
9.Nc2 d6 10.Rb1 Be6 11.Nd5 Bf5 12.Nde3 Bd7 13.b4 Qc8 14.Bb2 Bh3 15.Bxf6 Bxf6
16.Nd5 Bxg2 17.Kxg2 Qe6 18.Nc7 Qxc4 19.Nxa8 Rxa8 20.Rb3 Rc8 21.Ne3 Qb5 22.Nd5
Bg7 23.a4 Qc4 24.Nb6 Qe4+ 25.f3 Qf5 26.Nxc8 Qxc8 27.e3 Qe6 28.Qc2 h5 29.Rc1
Kh7 30.b5 Ne5 31.h3 h4 32.f4 Nd7 33.g4 Nc5 34.Ra3 Qd5+ 35.Kh2 e5 36.Qe2 Qe4
37.Rc4 Qb1 38.bxa6 bxa6 39.Ra2 exf4 40.Rac2 fxe3 41.Qxe3 Qf1 42.Rf4 Qb1
43.Rff2 Be5+ 44.Kg2 Qb7+ 45.Qf3 Qb4 46.Qxf7+ Bg7 47.g5 Nd3 48.Rc4 Qb1 49.Rxh4#
1-0

[Event "Zt (w)"]
[Site "La Ceja (Colombia)"]
[Date "2011.10.11"]
[Round "1"]
[White "Franco Beatriz (COL)"]
[Black "Mendoza Velazquez Lorena Alejan (MEX)"]
[Result "1-0"]
[WhiteElo "2176"]
[BlackElo "2024"]

1.d4 Nf6 2.g3 g6 3.Bg2 Bg7 4.c4 c5 5.Nf3 O-O 6.Nc3 cxd4 7.Nxd4 Nc6 8.O-O a6
9.h3 Nxd4 10.Qxd4 d6 11.Be3 Ng4 12.Qd2 Nxe3 13.Qxe3 Rb8 14.Rfd1 Bd7 15.Rac1
Re8 16.b4 h5 17.Nd5 Kh7 18.Qb3 e6 19.Nc3 Bc6 20.e4 Qe7 21.b5 Bd7 22.Qb4 Bf8
23.a4 Red8 24.Rd3 Qe8 25.Qb3 axb5 26.axb5 b6 27.Rcd1 Be7 28.R1d2 Bc8 29.Na4
Qh8 30.Qd1 e5 31.Rxd6 Bxd6 32.Rxd6 Be6 33.Nxb6 Rxd6 34.Qxd6 Rd8 35.Qe7 Rd1+
36.Kh2 Rb1 37.Nd5 Qa8 38.Nf6+ Kg7 39.Ne8+ Kg8 40.Nc7 Qa7 41.c5 Qa2 42.Qd8+ Kh7
43.Qf6 Qd2 44.Ne8 Qh6 45.b6 Qf8 46.Nd6 Rxb6 47.Nxf7 Qxc5 48.Qh8# 1-0

[Event "Ch Norway (club)"]
[Site "Fagernes (Norway)"]
[Date "2011.10.14"]
[Round "3"]
[White "Smith Axel (SWE)"]
[Black "Johansen Stian (NOR)"]
[Result "1-0"]
[WhiteElo "2488"]
[BlackElo "2010"]

1.d4 Nf6 2.c4 g6 3.g3 Bg7 4.Bg2 O-O 5.Nc3 c5 6.Nf3 cxd4 7.Nxd4 Nc6 8.O-O Qb6
9.Nc2 d6 10.b3 Qa5 11.Bd2 Qh5 12.e4 Bg4 13.f3 Bh3 14.Qe2 Bxg2 15.Kxg2 a6 16.a4
Nd7 17.Rab1 Rfb8 18.Nd5 e6 19.Nf4 Qe5 20.Nd3 Qf6 21.b4 a5 22.b5 Nd4 23.Nxd4
Qxd4 24.Rbc1 Nc5 25.Nxc5 Qxc5 26.Rfd1 Bd4 27.f4 b6 28.g4 Re8 29.Qd3 e5 30.f5
f6 31.fxg6 hxg6 32.Rf1 Rf8 33.Bh6 Rf7 34.Rf3 Qc8 35.h3 Qe6 36.Be3 Bxe3 37.Qxe3
Rc8 38.Qxb6 Rxc4 39.Rxc4 Qxc4 40.Qxd6 Qxe4 41.Qd3 Qxd3 42.Rxd3 e4 43.Rb3 f5
44.b6 Rb7 45.gxf5 gxf5 46.Kg3 e3 47.Kf3 f4 48.Rb5 Kf7 49.Rxa5 Rxb6 50.Rf5+ Kg6
51.Rxf4 Re6 52.Ke2 Kg5 53.Rb4 Kh5 54.a5 Rc6 55.Ra4 Ra6 56.Kxe3 Kg5 57.Kd4 Rf6
58.Ke5 Rf5+ 59.Ke6 {#r} 1-0

[Event "Tournament (open)"]
[Site "Galdar (Spain)"]
[Round "3"]
[White "Brito Garcia Alfredo (ESP)"]
[Black "Sanchez Quintero Raul (CUB)"]
[Result "1-0"]
[WhiteElo "2315"]
[BlackElo "2032"]

1.d4 Nf6 2.c4 g6 3.g3 Bg7 4.Bg2 O-O 5.Nc3 c5 6.Nf3 cxd4 7.Nxd4 Nc6 8.O-O Ng4
9.e3 Nh6 10.Nce2 Ne5 11.b3 d6 12.Bb2 Bd7 13.Qd2 Qc8 14.Nf4 Re8 15.Nd5 Rb8
16.f4 Nc6 17.Nb5 Bh3 18.Bxg7 Kxg7 19.Qb2+ f6 20.Nxd6 exd6 21.Nxf6 Kf7 22.Nxe8
{#r} 1-0

[Event "It (open)"]
[Site "Erlangen (Germany)"]
[Round "4"]
[White "Rebscher Ralf"]
[Black "Zeibig Thomas"]
[Result "1-0"]
[WhiteElo "1915"]
[BlackElo "1801"]

1.d4 g6 2.g3 Bg7 3.Bg2 Nf6 4.c4 c6 5.Nc3 Na6 6.e4 O-O 7.e5 Ne8 8.f4 c5 9.d5 f6
10.Nf3 d6 11.e6 f5 12.a3 Bxc3+ 13.bxc3 Nf6 14.O-O Qa5 15.Ra2 Qxc3 16.Rc2 Qb3
17.Ng5 Nc7 18.Bb2 Ng4 19.Nf7 Bxe6 20.Rf3 Qxc2 21.Qxc2 Bxf7 22.h3 Nf6 23.Re3
Rfe8 24.Bxf6 exf6 25.Rxe8+ Rxe8 26.Qb2 Rb8 27.Qxf6 Ne8 28.Qe7 Kg7 29.g4 fxg4
30.hxg4 Rc8 31.Qxb7 Rc7 32.Qb8 Re7 33.Kf2 h6 34.Bf3 g5 35.f5 Bg8 36.a4 Kf6
37.a5 Bh7 38.Qb2+ Re5 39.Qb7 Re7 40.a6 h5 41.Qb2+ Re5 42.Qb8 Re7 43.Qd8 hxg4
44.Bxg4 Bg8 45.Bd1 Bf7 46.Ba4 Bh5 47.Bxe8 Bxe8 48.Qxd6+ Kf7 49.Qg6+ Kf8
50.Qxg5 {#r} 1-0

[Event "It (open)"]
[Site "Ditzingen (Germany)"]
[Date "2005.05.07"]
[Round "6"]
[White "Muench Werner (GER)"]
[Black "Steiner Mathias"]
[Result "1-0"]
[WhiteElo "1930"]
[BlackElo "1700"]

1.d4 g6 2.c4 Bg7 3.g3 Nf6 4.Bg2 e6 5.Nc3 c6 6.Nf3 d5 7.Qb3 Qc7 8.Bf4 Qd7 9.Ne5
Qe7 10.O-O Nbd7 11.cxd5 Nxd5 12.Nxd5 cxd5 13.Rac1 Bxe5 14.dxe5 O-O 15.Bh6 Re8
16.Qe3 b6 17.Rc7 Qb4 18.a3 Qxb2 19.Rxd7 Bxd7 20.Qg5 f5 21.Qf6 {#r} 1-0

[Event "Tournament (qual)"]
[Site "Asuncion (Paraguay)"]
[Date "2010.03.17"]
[Round "6"]
[White "Lipiniks Leonardo (PAR)"]
[Black "Goiriz Y Damian (PAR)"]
[Result "0-1"]
[WhiteElo "1909"]
[BlackElo "2106"]

1.d4 g6 2.g3 Bg7 3.Bg2 Nf6 4.c4 c5 5.e3 O-O 6.Ne2 d5 7.cxd5 Nxd5 8.O-O Nc6
9.Nbc3 Be6 10.a3 cxd4 11.exd4 Nxc3 12.bxc3 Bd5 13.Nf4 Bxg2 14.Nxg2 Rc8 15.Rb1
Na5 16.Qd3 Qc7 17.Bd2 Nc4 18.Rfc1 b6 19.Ne3 Rfd8 20.Rb4 Nxd2 21.Qxd2 e5 22.Rc4
Qe7 23.Rxc8 Rxc8 24.Qb2 exd4 25.cxd4 Rxc1+ 26.Qxc1 Bxd4 27.Nd1 Bc5 28.Qd2 Bxa3
29.Nc3 Bc5 30.Nd5 Qd6 31.Qg5 Kg7 32.Nf4 Qe7 33.Qg4 Qe1+ 34.Kg2 Qxf2+ 35.Kh3
Qf1+ 36.Ng2 Qf5 37.Qxf5 gxf5 38.Nh4 a5 39.Nxf5+ Kf6 40.g4 a4 41.Ng3 Bd4
42.Ne4+ Ke5 43.Nd2 b5 44.Kg2 Bc3 45.Nb1 b4 46.Kf3 a3 {#R} 0-1

[Event "It (open)"]
[Site "Recklinghausen (Germany)"]
[Date "2011.08.19"]
[Round "5"]
[White "Mueller-Clostermann Bruno"]
[Black "Spenk Willi (GER)"]
[Result "1-0"]
[WhiteElo "1976"]
[BlackElo "1757"]

1.d4 g6 2.c4 Bg7 3.g3 Nf6 4.Bg2 c6 5.e4 d6 6.Nc3 O-O 7.Nf3 Nbd7 8.O-O Rb8
9.Qc2 Qa5 10.Rb1 Nb6 11.b4 Qh5 12.Ne2 g5 13.Bxg5 e5 14.Rb3 Bg4 15.h4 Nbd7
16.c5 Ne8 17.Be7 f6 18.Bxf8 Nxf8 19.Re1 Ne6 20.d5 cxd5 21.exd5 Bf5 22.Qc4 Qf7
23.g4 Nxc5 24.bxc5 b5 25.cxb6 Rc8 26.Qb4 a5 27.Qxa5 Bxg4 28.b7 Rb8 29.Qa7 Qc7
30.Rc1 Qd8 31.Ng3 f5 32.Qxb8 {#r} 1-0

[Event "It (open) (b)"]
[Site "Balatonlelle (Hungary)"]
[Date "2006.06.18"]
[Round "2"]
[White "Rauscher Erwin (AUT)"]
[Black "Savignoni Eric (FRA)"]
[Result "0-1"]
[WhiteElo "1621"]
[BlackElo "1913"]

1.d4 Nf6 2.g3 g6 3.Bg2 Bg7 4.c4 c5 5.Nf3 O-O 6.O-O cxd4 7.Nxd4 Qb6 8.e3 d6
9.Nc3 Bd7 10.Qb3 Qxb3 11.axb3 Nc6 12.Nxc6 Bxc6 13.e4 Rfc8 14.f3 Rc7 15.Ra2 Nd7
16.Be3 b6 17.Rd1 a5 18.Bf1 Nc5 19.Bxc5 bxc5 20.Rda1 Bxc3 21.bxc3 Rb8 22.Ra3
Rcb7 23.Rxa5 Rxb3 24.R5a3 Kg7 25.Bd3 Rb2 26.R1a2 Kf6 27.Bf1 Bd7 28.Ra1 Rc2
29.R1a2 Rbb2 30.Rxb2 Rxb2 31.g4 h5 32.h3 hxg4 33.hxg4 Be6 34.Bg2 Bxc4 35.f4
Rc2 36.g5+ Ke6 37.Bh3+ f5 38.exf5+ gxf5 39.Bg2 Kf7 40.Bc6 Ke6 41.Be8 Bd5
42.Ra7 Rxc3 43.Bd7+ Kf7 44.Bxf5 Rf3 45.g6+ Kf6 46.Bb1 Rxf4 47.Rc7 Be4 {#R} 0-1

[Event "It"]
[Site "Santiago (Chile)"]
[Round "8"]
[White "Foguelman Alberto (ARG)"]
[Black "Flores Patricio (CHI)"]
[Result "1-0"]
[WhiteElo "2310"]
[BlackElo "2182"]

1.d4 Nf6 2.c4 g6 3.g3 Bg7 4.Bg2 d6 5.Nf3 Bg4 6.h3 Bd7 7.Nc3 Qc8 8.g4 c5 9.d5
Na6 10.Bf4 Nc7 11.Qd2 b5 12.Bh6 Bxh6 13.Qxh6 bxc4 14.Nd2 Qb7 15.Nxc4 Bb5
16.Ne3 Ba6 17.Rb1 Nb5 18.Nxb5 Qxb5 19.O-O Qxe2 20.Rfe1 Qd2 21.g5 Nd7 22.Rbd1
Qxb2 23.Rb1 Qc3 24.Rbc1 Qe5 25.Ng4 Qf4 26.Rcd1 Qf5 27.Re4 Ne5 28.Nxe5 dxe5
29.Rde1 O-O-O 30.Rxe5 Qf4 31.Rxe7 Bb7 32.Qg7 Qxg5 33.Qc3 Kb8 34.Qb2 {#r} 1-0

[Event "Ch NRW"]
[Site "Muenster (Germany)"]
[Round "6"]
[White "Huelsmann Josef (GER)"]
[Black "Leiber Bernard (GER)"]
[Result "1-0"]
[WhiteElo "2214"]
[BlackElo "2168"]

1.d4 Nf6 2.c4 g6 3.g3 Bg7 4.Bg2 O-O 5.Nf3 c5 6.Nc3 Na6 7.O-O d6 8.h3 Bd7 9.b3
b6 10.Bb2 Nc7 11.Qd2 Qc8 12.Kh2 Bc6 13.d5 Bd7 14.a4 a6 15.e4 Nfe8 16.Nd1 Bxb2
17.Nxb2 f6 18.Nh4 g5 19.Nf3 Ng7 20.Ne1 Qe8 21.Ned3 Qh5 22.f4 b5 23.Qa5 Nge8
24.fxg5 fxg5 25.Rxf8+ Kxf8 26.Rf1+ Kg8 27.e5 Bg4 28.Nf2 Be2 29.Re1 Bf3 30.exd6
exd6 31.Re7 Bxg2 32.Kxg2 Rc8 33.Qb6 bxa4 34.Nxa4 Na8 35.Qxa6 Rc7 36.Re6 {#r}
1-0

[Event "Staatsliga B South 1997/98"]
[Site "Austria"]
[Round "4"]
[White "Stohl Igor (SVK)"]
[Black "Manhardt Thomas (AUT)"]
[Result "1-0"]
[WhiteElo "2565"]
[BlackElo "2148"]

1.d4 Nf6 2.c4 g6 3.g3 Bg7 4.Bg2 O-O 5.Nc3 c5 6.Nf3 d5 7.dxc5 dxc4 8.Qxd8 Rxd8
9.Ne5 Nfd7 10.Nxd7 Nxd7 11.Be3 Ne5 12.O-O Nc6 13.Rfd1 Be6 14.f4 Rac8 15.Kf2
Nd4 16.Bxb7 Rxc5 17.Bg2 Rc7 18.Bd5 Bxd5 19.Bxd4 Rcd7 20.Bxg7 Kxg7 21.e4 Bc6
22.Ke2 f5 23.exf5 gxf5 24.Rac1 Rd3 25.Rxd3 Rxd3 26.Nb1 Bf3+ 27.Ke1 Re3+ 28.Kf2
Rd3 29.Rxc4 Be4 30.Ra4 Rd1 31.Nc3 Bc6 32.Nxd1 Bxa4 33.Nc3 Bc6 34.Ke3 Kg6 35.b4
a6 36.a4 Kh5 37.b5 axb5 38.axb5 {#r} 1-0

[Event "Ch Hessen (open) (seniors)"]
[Site "Bad Wildungen (Germany)"]
[Round "9"]
[White "Niebling Ferdinand (GER)"]
[Black "Stumpf Walter (GER)"]
[Result "1-0"]
[WhiteElo "2250"]
[BlackElo "2085"]

1.d4 Nf6 2.c4 g6 3.g3 Bg7 4.Bg2 c5 5.Nf3 O-O 6.Nc3 Na6 7.O-O d6 8.h3 Bd7 9.Kh2
Rb8 10.e4 cxd4 11.Nxd4 Nc7 12.a4 Ne6 13.Be3 b6 14.Qd2 Ne8 15.Rfd1 N8c7 16.Ndb5
a6 17.Nxc7 Nxc7 18.a5 bxa5 19.Rxa5 Be6 20.Bf1 Re8 21.Ra3 Qc8 22.Rc1 Qb7 23.Rc2
Red8 24.Bd4 Bxd4 25.Qxd4 Qb6 26.Qd2 Kg7 27.Nd5 Bxd5 28.exd5 e5 29.Ra4 Qb3
30.Ra3 Qb4 31.Qe3 Qb6 32.c5 Qb4 33.Rd3 f6 34.cxd6 Qxd6 35.Qa7 Rbc8 36.Rc6 Qd7
37.Rdc3 Nxd5 38.Qxd7+ Rxd7 39.Rxc8 Nxc3 40.bxc3 a5 41.Ra8 Rc7 42.c4 Rc5
43.Ra7+ Kh6 44.Kg2 e4 45.Be2 f5 46.h4 Re5 47.Kf1 Rc5 48.Ke1 f4 49.g4 f3 50.Bf1
g5 51.h5 Re5 52.Kd2 a4 53.Ke3 a3 54.Rxa3 Re6 55.c5 Kg7 56.Ra7+ Kh6 57.Ra6 {#r}
1-0

[Event "It (open)"]
[Site "Leinfeld (Germany)"]
[Round "0"]
[White "Jurasin Marin (GER)"]
[Black "Gheng Josef (GER)"]
[Result "0-1"]
[WhiteElo "2164"]
[BlackElo "2378"]

1.d4 Nf6 2.g3 g6 3.Bg2 Bg7 4.c4 O-O 5.e4 d6 6.Ne2 c5 7.O-O Nc6 8.d5 Na5 9.Na3
a6 10.Bd2 Bd7 11.b4 cxb4 12.Bxb4 Rc8 13.Rc1 b6 14.Bxa5 bxa5 15.h3 Qc7 16.Kh2
Qc5 17.Qd3 Rb8 18.Rb1 Rb4 19.Rxb4 axb4 20.Nc2 Rc8 21.Ne3 a5 22.f4 Ne8 23.g4
Rc7 24.Rd1 a4 25.Ng3 Qb6 26.Rb1 Qc5 27.Bf1 Bd4 28.Nd1 Bg7 29.Ne3 Ra7 30.Kg2
Nc7 31.Nc2 Na6 32.Qe2 Rb7 33.e5 b3 34.axb3 axb3 35.Ne1 Qa3 36.Nd3 Nc5 37.Nxc5
Qxc5 38.Ne4 Qa3 39.Nc3 Qb4 40.Qe3 g5 41.fxg5 Bxe5 42.Ne4 b2 43.Bd3 Rc7 44.Nf2
Rxc4 45.Bxc4 Qxc4 46.Qd3 Bb5 47.Qf3 Qc1 48.Qe4 Bf1+ 49.Kf3 Qc3+ 50.Qe3 Bg2+
51.Ke2 Qc2+ {#R} 0-1

[Event "It (open)"]
[Site "Passau (Germany)"]
[Round "6"]
[White "Schumacher Gottfried (GER)"]
[Black "Boca Harald (GER)"]
[Result "1-0"]
[WhiteElo "2203"]
[BlackElo "2164"]

1.d4 Nf6 2.g3 g6 3.Bg2 Bg7 4.c4 O-O 5.Nf3 c5 6.Nc3 cxd4 7.Nxd4 Nc6 8.Nc2 d6
9.O-O Be6 10.Nd5 Bxd5 11.cxd5 Ne5 12.Bd2 Qd7 13.Bc3 Nc4 14.Nd4 Rfc8 15.e4 Ne8
16.Qe2 Nb6 17.Nb5 Rc5 18.Bxg7 Nxg7 19.Nd4 Rac8 20.Rad1 Qc7 21.Bh3 Rd8 22.Kg2
Nd7 23.Rd3 a6 24.f4 Rc4 25.Rf2 Qc5 26.Qe3 a5 27.b3 Rc1 28.Qd2 Nf6 29.Re3 h5
30.b4 Qc7 31.bxa5 Ng4 32.Bxg4 hxg4 33.Nc6 Rxc6 34.dxc6 bxc6 35.Rb3 c5 36.Rb6
Qa7 37.h3 gxh3+ 38.Kxh3 Ne6 39.f5 Nf8 40.g4 Kg7 41.Qb2+ Kg8 42.Qb5 g5 43.Rb7
Qa8 44.Rxe7 d5 45.Qxc5 dxe4 46.Qc4 Rd3+ 47.Kh2 Qb8+ 48.Rc7 Rd7 49.Rc2 e3
50.Kg2 Rxc7 51.Qxc7 Qb4 52.Kf3 Qd4 53.Qc4 Qd1+ 54.Kxe3 Nd7 55.Qe2 Qd6 56.Kf2
Nf6 57.Rc4 Qh2+ 58.Ke1 Qg3+ 59.Kd1 Qd6+ 60.Qd2 Nd5 61.Rd4 {#r} 1-0

[Event "Ch Georgia (w)"]
[Site "Tbilisi (Georgia)"]
[Round "6"]
[White "Vakhania Alexandra (GEO)"]
[Black "Mkheidze Nino (GEO)"]
[Result "0-1"]
[WhiteElo "2196"]
[BlackElo "2121"]

1.d4 Nf6 2.g3 g6 3.Bg2 Bg7 4.c4 d6 5.Nc3 Nc6 6.e4 e5 7.Nge2 exd4 8.Nxd4 Nxd4
9.Qxd4 O-O 10.O-O Be6 11.Bg5 h6 12.Bxf6 Bxf6 13.Qd3 c6 14.Rfd1 Qb6 15.b3 Bg4
16.Rd2 Rad8 17.h3 Qb4 18.Rc1 Be6 19.f4 Bg7 20.Kh2 f5 21.Qc2 Rc8 22.Ne2 g5
23.Rcd1 fxe4 24.Rxd6 Rce8 25.Bxe4 Qc5 26.Kg2 Qe3 27.Bf3 Bxh3+ 28.Kxh3 Qxf3
29.Ng1 Qh1+ 30.Kg4 gxf4 31.Nh3 h5+ 32.Kh4 Qf3 33.Rg6 {#R} 0-1

[Event "Ch Europe (w)"]
[Site "Warsaw (Poland)"]
[Round "7"]
[White "Medic Mirjana (CRO)"]
[Black "Johansson Victoria (SWE)"]
[Result "1-0"]
[WhiteElo "2278"]
[BlackElo "2190"]

1.d4 Nf6 2.c4 g6 3.g3 Bg7 4.Bg2 O-O 5.Nc3 c5 6.Nf3 cxd4 7.Nxd4 Nc6 8.Nc2 d6
9.O-O Be6 10.b3 Qd7 11.Bb2 Bh3 12.f3 h5 13.Rf2 Bxg2 14.Kxg2 Rac8 15.e4 a6
16.Qe2 Qc7 17.Rd1 Rb8 18.Ne3 Rfc8 19.f4 Qa5 20.a3 b5 21.b4 Qb6 22.e5 dxe5
23.Ncd5 Qb7 24.fxe5 Ne8 25.Kg1 Nd8 26.c5 Rc6 27.Ng2 a5 28.Ngf4 axb4 29.axb4
Ne6 30.Nxe6 Rxe6 31.Nf4 Ra6 32.e6 Nf6 33.exf7+ Kxf7 34.Qc2 Qe4 35.Qd2 Ra2
36.Re2 Qf5 37.Qe3 Ra7 38.Qb3+ Ke8 39.Re5 Qg4 40.h3 Qc8 41.Re6 Rbb7 42.Bxf6
Bxf6 43.Rxf6 {#r} 1-0

[Event "Hessenliga 2002/03"]
[Site "Germany"]
[Date "2003.03.16"]
[Round "8"]
[White "Stockmann Michael (GER)"]
[Black "Dorst Johannes (GER)"]
[Result "1-0"]
[WhiteElo "2242"]
[BlackElo "2148"]

1.d4 Nf6 2.g3 g6 3.Bg2 Bg7 4.c4 O-O 5.Nf3 c5 6.O-O cxd4 7.Nxd4 Nc6 8.c5 Qa5
9.Nb3 Qc7 10.Nc3 b6 11.Bf4 e5 12.cxb6 axb6 13.Bg5 h6 14.Bxf6 Bxf6 15.Nd5 Qd8
16.Nxf6+ Qxf6 17.Nd2 Qe6 18.Ne4 Ra5 19.Nc3 Ba6 20.Qd2 Kg7 21.Rfd1 Nd4 22.e3
Nb5 23.Nd5 Bb7 24.a4 Rfa8 25.b3 R8a7 26.Rac1 Nd4 27.Nc7 Qxb3 28.exd4 Bxg2
29.Kxg2 e4 30.Ne8+ Kh7 31.Nf6+ Kg7 32.Nxe4 Qd5 33.f3 Rxa4 34.Nc3 Qb3 35.Nxa4
Rxa4 36.Rc3 Qd5 37.Qe3 d6 38.Rd2 b5 39.Rc8 Qf5 40.Qe8 {#r} 1-0